Statistics for Geography of the Arab League

Click here to take the quiz!

General Stats

  • This quiz has been taken 44 times
    (28 since last reset)
  • The average score is 10 of 23

Answers on the Map

Answers color-coded by a green-red scale on the quiz's map according to % correct below.
 

Answer Stats

CategoryAnswer% Correct
DesertsSahara Desert
96%
GulfsPersian Gulf
83%
DesertsArabian Desert
78%
SeasArabian Sea
78%
Mountain RangesAtlas Mountains
78%
SeasRed Sea
78%
Climatic ZonesMediterranean Climatic Zone
65%
SeasMediterranean Sea
65%
GulfsSuez Gulf
65%
GulfsAden Gulf
61%
GulfsOman Gulf
52%
GulfsAqaba Gulf
48%
StraitsHormuz Strait
48%
StraitsGibraltar Strait
30%
DesertsSyrian Desert
30%
Climatic ZonesArid Climatic Zone
17%
Mountain RangesZagros Mountains
17%
StraitsBab El Mandeb Strait
13%
Mountain RangesHijaz Mountains
13%
Mountain RangesAsh Sham Mountains
9%
Mountain RangesRed Sea Mountains
9%
Mountain RangesAsir Mountains
4%
Climatic ZonesSemi-Arid Climatic Zone
4%

Score Distribution

Percentile by Number Answered

Percent of People with Each Score

Your Score History

You have not taken this quiz since the last reset